|
|
|
|
| LEADER |
00000cam a2200000 7i4500 |
| 001 |
0000030066 |
| 005 |
20241202.0 |
| 008 |
220920 my o eng |
| 020 |
|
|
|a 9789833789917
|
| 040 |
|
|
|a INS
|b eng
|e rda
|
| 090 |
0 |
0 |
|a HD7287.82.M3
|b T36 2016
|
| 100 |
1 |
|
|a Tan, Adrian ,
|e author
|
| 245 |
1 |
0 |
|a Next Station :
|b MRT Line 1 : buying condos and apartment along Sg Buloh to Kajang
|c Adrian Tan
|
| 264 |
|
1 |
|a Kuala Lumpur :
|b Kanyin Publications Sdn. Bhd.
|c [2016]
|
| 264 |
|
4 |
|c ©2016
|
| 300 |
|
|
|a 122 pages :
|b colour photographs ;
|c 23 cm.
|
| 336 |
|
|
|a text
|2 rdacontent
|
| 337 |
|
|
|a unmediated
|2 rdamedia
|
| 338 |
|
|
|a volume
|2 rdacarrier
|
| 650 |
|
0 |
|a Apartment houses
|x Purchasing
|
| 650 |
|
0 |
|a House buying
|z Kuala Lumpur
|
| 650 |
|
0 |
|a House buying
|z Selangor
|
| 650 |
|
0 |
|a Local transit
|
| 650 |
|
0 |
|a Local transit stations
|
| 650 |
|
0 |
|a Real estate investment
|
| 999 |
|
|
|a 1000004573
|b BOOK
|c Open Shelf
|e Default branch
|